China-Pakistan relations : (Record no. 593401)

000 -LEADER
fixed length control field 01665cam a2200385 i 4500
001 - CONTROL NUMBER
control field 19508084
003 - CONTROL NUMBER IDENTIFIER
control field NUST
005 - DATE AND TIME OF LATEST TRANSACTION
control field 20230222094555.0
008 - FIXED-LENGTH DATA ELEMENTS--GENERAL INFORMATION
fixed length control field 170221s2016 pk b 001 0 eng
010 ## - LIBRARY OF CONGRESS CONTROL NUMBER
LC control number 2017332281
020 ## - INTERNATIONAL STANDARD BOOK NUMBER
International Standard Book Number 9780199402496
025 ## - OVERSEAS ACQUISITION NUMBER
Overseas acquisition number P-E-2017332281; 33
037 ## - SOURCE OF ACQUISITION
Source of stock number/acquisition Library of Congress -- Islamabad Overseas Office
040 ## - CATALOGING SOURCE
Original cataloging agency DLC
Language of cataloging eng
Transcribing agency DLC
Description conventions rda
042 ## - AUTHENTICATION CODE
Authentication code lcode
-- pcc
043 ## - GEOGRAPHIC AREA CODE
Geographic area code a-cc---
-- a-pk---
050 00 - LIBRARY OF CONGRESS CALL NUMBER
Classification number DS740.5.P3
Item number A45 2017
082 ## - DEWEY DECIMAL CLASSIFICATION NUMBER
Classification number 327.101, ALI
100 1# - MAIN ENTRY--PERSONAL NAME
Personal name Ali, Ghulam
Titles and words associated with a name (Professor)
Relator term author.
9 (RLIN) 99179
245 10 - TITLE STATEMENT
Title China-Pakistan relations :
Remainder of title a historical analysis /
Statement of responsibility, etc. Ghulam Ali.
250 ## - EDITION STATEMENT
Edition statement First edition.
264 #1 - PRODUCTION, PUBLICATION, DISTRIBUTION, MANUFACTURE, AND COPYRIGHT NOTICE
Place of production, publication, distribution, manufacture Karachi :
Name of producer, publisher, distributor, manufacturer Oxford University Press,
Date of production, publication, distribution, manufacture, or copyright notice 2017.
300 ## - PHYSICAL DESCRIPTION
Extent xiii, 263 pages ;
Dimensions 23 cm
336 ## - CONTENT TYPE
Content type term text
Content type code txt
Source rdacontent
337 ## - MEDIA TYPE
Media type term unmediated
Media type code n
Source rdamedia
338 ## - CARRIER TYPE
Carrier type term volume
Carrier type code nc
Source rdacarrier
504 ## - BIBLIOGRAPHY, ETC. NOTE
Bibliography, etc. note The Formative Phase (1950-62) (Page-8), Strengthening and Deepening of Relations (1963-77) (Page-53), China's Reforms amd Modrenisation, and Relations with Pakistan (1978-89) (Page-99), China's Policy of Balance and Stability (1990-2001)(Page-134), China's Renewed Interest in Pakistan - Relation Post-9/11 (Page-162), China-Pakistan Economic Corridor (Page-203), Factors of Durability (Page-213).
651 #0 - SUBJECT ADDED ENTRY--GEOGRAPHIC NAME
Geographic name China
General subdivision Foreign relations
Geographic subdivision Pakistan.
9 (RLIN) 10160
651 #0 - SUBJECT ADDED ENTRY--GEOGRAPHIC NAME
Geographic name Pakistan
General subdivision Foreign relations
Geographic subdivision China.
9 (RLIN) 10159
651 #0 - SUBJECT ADDED ENTRY--GEOGRAPHIC NAME
Geographic name Pakistan
General subdivision Foreign economic relations
Geographic subdivision China.
9 (RLIN) 99180
651 #0 - SUBJECT ADDED ENTRY--GEOGRAPHIC NAME
Geographic name China
General subdivision Foreign economic relations
Geographic subdivision Pakistan.
9 (RLIN) 99181
906 ## - LOCAL DATA ELEMENT F, LDF (RLIN)
a 7
b cbc
c origode
d 3
e ncip
f 20
g y-gencatlg
942 ## - ADDED ENTRY ELEMENTS (KOHA)
Source of classification or shelving scheme
Koha item type Book
Holdings
Withdrawn status Lost status Source of classification or shelving scheme Damaged status Not for loan Permanent Location Current Location Shelving location Date acquired Total Checkouts Full call number Barcode Date last seen Price effective from Koha item type Public note
          Military College of Signals (MCS) Military College of Signals (MCS) General Stacks 02/22/2023   327.101, ALI MCS37980 02/22/2023 02/22/2023 Book Almirah No.50, Shelf No.1
© 2023 Central Library, National University of Sciences and Technology. All Rights Reserved.